| 000 | 00895nmm a2200277 a 4500 | ||
|---|---|---|---|
| 001 | ocm0001520599 | ||
| 003 | TR-IsHL | ||
| 005 | 20201028163116.0 | ||
| 008 | 170206s2015 tu tur | ||
| 007 | cr cn | ||
| 020 | _a9786054908240 | ||
| 035 |
_a1520599 _b(N$T) |
||
| 050 | 0 | 4 |
_aRM182 _b.D89 2015 |
| 090 | 0 | 4 |
_aRM182 _b.D89 2015 |
| 100 | 1 | _aDüzgün, Özgür | |
| 245 | 1 | 0 |
_aSülük tedavisi: ruhsal ve fiziksel hastalıklarda geleneksel tedavi _h[electronic resource] / _cÖzgür Düzgün |
| 260 |
_aİstanbul : _bMercan Kitap, _c2015 |
||
| 300 | _a225 p. | ||
| 500 |
_aKaynakça var. _x |
||
| 650 | 4 | _aTıp | |
| 650 | 4 | _aMedicine | |
| 650 | 0 | _aAlternatif tıp | |
| 650 | 0 | _aAlternative medicine | |
| 650 | 7 |
_aMEDICAL / Alternative & Complementary Medicine _2bisacsh |
|
| 856 | 4 | 0 | _uhttp://search.ebscohost.com/login.aspx?direct=true&scope=site&db=e011xww&AN=1520599 |
| 999 |
_c15165 _d15165 |
||